000 004750000a22001810004500
003 MACL
005 20150710163716.0
008 150710b xxu||||| |||| 00| 0 eng d
040 _aMACL
_cMACL
041 _aEnglish
082 _a320/GEL
100 _aGellner, David N
_91674
245 _aResistance and the State
_bNapalese Experiences
260 _bSocial Scienc Press
_c2008
_aNew Delhi
350 _a360
650 _aPolitical Science
_988
942 _cBK
_k320/GEL
_2ddc
999 _c42176
_d42176